000 00603nam a2200205Ia 4500
003 OSt
005 20240913152809.0
008 220927b |||||||| |||| 00| 0 eng d
020 _a0041920341
040 _aSDCL
_cSDCL
_beng
041 _2eng
_aeng
082 _aRxM72j L9
100 _aRoberts, George W. Ed.
_9419715
245 0 _aBertrand Russell memorial volume.
260 _aLondon
_bGeorge Allen & Unwin
_c1979
300 _a488p.
_ccm.
490 _aMuirhead library of philosophy.
942 _hRxM72j L9
_cTEXL
_2CC
999 _c735856
_d735856